00711nam a22002177a 4500999001900000005001700019010001500036020002600051035001400077037001300091082000600104100001700110245007900127260002900206270005000235300002300285500001900308700001800327942002000345952012800365 c194180d19418020221209113509.0 aENG-135797 a9789390961238c250.00 aEN-119329 bDBAD/PUB aS aKhare, Nyasa aMy friend NS 230:bAnd Other Stories/cNyasa Khare and ed by Alisha Verma aNew DelhibVitastac2023 a2/15,Ansari Road,DaryaganjbNew Delhie110002 axv,73p.c20cm(pbk) aIncludes index aVerma, Alisha 2ddccENhSmKHA 001040708FICaDBADbMd2022-12-09eDBAD/PUBg250.00l0oS KHApEN-119329r2022-12-09 00:00:00t1v250.00w2022-12-09yEN